UK Television Title Antonyms - Statistics

General Stats
  • This quiz has been taken 56 times
  • The average score is 8 of 10
Answer Stats
Antonyms Answer % Correct
WestStarters EastEnders
98%
Saving Adam Killing Eve
96%
Good Boys Bad Girls
94%
The Awful American Cook On The Great British Bake Off
92%
Sad Hilltop Happy Valley
88%
Death off Venus Life on Mars
86%
Clothed Repulsion Naked Attraction
78%
Abnormal Aliens Normal People
61%
The Day Employee The Night Manager
59%
Uncertainly Dreadful Absolutely Fabulous
22%
No matching quizzes found
Score Distribution
Percent of People with Each Score
Percentile by Number Answered
Your Score History
You have not taken this quiz